Manuals americans recents de lingüística romànica / Curt J. Wittlin
Descripción Física:
p. 385-395 ; 25 cm
Materias:
Llengües romàniques
MARC
| LEADER | 00000nam a2200000Ia 4500 | ||
|---|---|---|---|
| 001 | 11427 | ||
| 008 | 160829s1976 - 1980 xx 000 0 cat d | ||
| 080 | |a FU-13-5 | ||
| 100 | |a Wittlin, Curt J. |9 30153 | ||
| 245 | |a Manuals americans recents de lingüística romànica / Curt J. Wittlin | ||
| 260 | |a Barcelona : |b Institut d'Estudis Catalans, |c 1976 - 1980 | ||
| 300 | |a p. 385-395 ; |c 25 cm | ||
| 590 | |a Separata d''Estudis Romànics', 17 | ||
| 650 | |a Llengües romàniques |9 22911 | ||
| 710 | 2 | |a Institut d'Estudis Catalans |9 52284 | |
| 901 | |a Arxiu | ||
| 942 | |n 1 | ||
| 952 | |0 0 |1 0 |4 0 |6 FU135 |7 1 |9 45296 |a Arxiu |b Arxiu |d 2016-12-01 |l 0 |o FU-13-5 |p 11427 |r 2016-12-01 00:00:00 |w 2016-12-01 |y ARXIU | ||
| 999 | |c 48370 |d 48370 | ||